[Event "AUTO-OPEN-1167"]
[Site "http://www.queenalice.com/game.php?id=420036"]
[Date "2008.6.19"]
[Round "1"]
[White "stamm"]
[Black "JUDGE_WELKENHEIMER"]
[Result "1-0"]
[WhiteElo "1761"]
[BlackElo "1708"]

1. d4 Nf6 2. Nc3 d5 3. Nf3 Bf5 4. Nh4 Nc6 5. Nxf5 e6 6. Ne3 Bb4 7. Bd2 Ne4 8.
Nxe4 dxe4 9. Bxb4 b6 10. Bc3 e5 11. dxe5 O-O 12. Qxd8 Raxd8 13. g3 a5 14. Bg2 f5
15. exf6 gxf6 16. Bxe4 a4 17. Bxc6 Rd6 18. Bxa4 c5 19. Nf5 Rd5 20. Ne7+ Kg7 21.
Nxd5 Kg6 22. Nxb6 Kg5 23. O-O-O h5 24. Rd5+ 1-0

[Event "AUTO-INT-1125"]
[Site "http://www.queenalice.com/game.php?id=503088"]
[Date "2008.12.5"]
[Round "1"]
[White "mzambiasi"]
[Black "JUDGE_WELKENHEIMER"]
[Result "1-0"]
[WhiteElo "1702"]
[BlackElo "1646"]

1. c4 e5 2. d4 Bb4+ 3. Bd2 a5 4. dxe5 d6 5. a3 Bxd2+ 6. Qxd2 dxe5 7. Nc3 Nf6 8.
Rd1 Qxd2+ 9. Rxd2 O-O 10. Nf3 Be6 11. c5 1-0

[Event "AUTO-INT-1125"]
[Site "http://www.queenalice.com/game.php?id=503089"]
[Date "2008.12.5"]
[Round "1"]
[White "JUDGE_WELKENHEIMER"]
[Black "mzambiasi"]
[Result "0-1"]
[WhiteElo "1633"]
[BlackElo "1716"]

1. e4 e5 2. Nf3 Qe7 3. d4 d6 4. Bc4 Be6 5. Bg5 f6 6. Bxe6 Qxe6 7. d5 Qg4 8. Be3
Qxe4 9. O-O c6 10. Nc3 Qg6 11. b4 e4 12. Nh4 Qf7 0-1

[Event "AUTO-INT-1193"]
[Site "http://www.queenalice.com/game.php?id=535333"]
[Date "2009.2.5"]
[Round "1"]
[White "jotat"]
[Black "JUDGE_WELKENHEIMER"]
[Result "1-0"]
[WhiteElo "2132"]
[BlackElo "1620"]

1. e4 e5 2. Nf3 Nc6 3. Bc4 Bc5 4. b4 Bxb4 5. c3 Bc5 6. O-O Nf6 7. d4 O-O 8. dxc5
b6 9. Ba3 Nxe4 10. cxb6 d6 11. Qd5 cxb6 12. Qxe4 Bd7 13. Rd1 g6 14. Rxd6 Rc8 15.
Nbd2 h5 16. Qxg6+ Kh8 17. Qh6+ Kg8 18. Rg6# 1-0

[Event "AUTO-INT-1193"]
[Site "http://www.queenalice.com/game.php?id=535334"]
[Date "2009.2.5"]
[Round "1"]
[White "JUDGE_WELKENHEIMER"]
[Black "jotat"]
[Result "0-1"]
[WhiteElo "1622"]
[BlackElo "2206"]

1. e4 e6 2. Nf3 c5 3. Bc4 Nc6 4. d4 cxd4 5. Nxd4 Qh4 6. O-O Qxe4 7. c3 Nxd4 8.
Nd2 Qe5 9. Nf3 Nxf3+ 10. Qxf3 Bd6 11. Bf4 Qxf4 12. Qxf4 Bxf4 13. Rad1 Nf6 14.
Bb5 O-O 15. g3 Bc7 16. f4 d6 17. b4 e5 18. f5 a5 19. bxa5 Rxa5 20. a4 Bb6+ 21.
Kh1 Ne4 22. Rde1 Nxc3 23. f6 gxf6 24. Bd3 Be6 25. Rxf6 Bd5+ 26. Be4 Nxe4 27.
Rff1 Nxg3# 0-1

[Event "AUTO-INT-1193"]
[Site "http://www.queenalice.com/game.php?id=535349"]
[Date "2009.2.5"]
[Round "1"]
[White "jacques"]
[Black "JUDGE_WELKENHEIMER"]
[Result "0-1"]
[WhiteElo "1764"]
[BlackElo "1599"]

1. e4 e5 2. Nf3 Nc6 3. Nxe5 Nxe5 4. Bd3 Nxd3+ 5. cxd3 d5 6. Nc3 d4 7. Ne2 c5 8.
Nf4 Nf6 9. Qb3 Bd6 10. Nd5 Be6 11. Nxf6+ gxf6 12. Qxb7 O-O 13. b3 Bf4 14. O-O f5
15. g3 Bc7 16. Ba3 Bb6 17. Qa6 fxe4 18. dxe4 d3 19. Rac1 Bh3 20. Rfe1 Qf6 21.
Bxc5 Qf3 0-1

[Event "AUTO-INT-1193"]
[Site "http://www.queenalice.com/game.php?id=535350"]
[Date "2009.2.5"]
[Round "1"]
[White "JUDGE_WELKENHEIMER"]
[Black "jacques"]
[Result "0-1"]
[WhiteElo "1615"]
[BlackElo "1734"]

1. e4 e5 2. Nf3 Qf6 3. Bc4 Bc5 4. d3 h6 5. c3 Ne7 6. d4 exd4 7. cxd4 Bb4+ 8. Bd2
Nbc6 9. e5 Bxd2+ 10. Qxd2 Qg6 11. O-O d5 12. Bb5 O-O 13. Nh4 Qg4 14. Nf3 Nf5 15.
Bxc6 bxc6 16. Nc3 Ba6 17. Rfe1 Bc8 18. h3 Qg6 19. Rad1 Ne7 20. Nh4 Qh5 21. g3
Bxh3 22. e6 f6 23. Kh2 Bg4 24. Rc1 g5 25. Rh1 gxh4 26. gxh4 Bf3 27. Rhg1+ Kh7
28. Qd3+ f5 29. Rg3 Qxh4+ 30. Rh3 Qxf2# 0-1

[Event "AUTO-INT-1193"]
[Site "http://www.queenalice.com/game.php?id=535359"]
[Date "2009.2.5"]
[Round "1"]
[White "nelson_cxc"]
[Black "JUDGE_WELKENHEIMER"]
[Result "1-0"]
[WhiteElo "1873"]
[BlackElo "1604"]

1. d4 d5 2. c4 dxc4 3. Nc3 e6 4. e3 Bb4 5. Bxc4 Nf6 6. Ne2 O-O 7. O-O Bxc3 8.
bxc3 b6 9. f3 c5 10. Ba3 Nc6 11. dxc5 Qc7 12. cxb6 axb6 13. Bxf8 Kxf8 14. Nd4 e5
15. Nxc6 e4 16. Qd8+ Ne8 17. Qxc7 Nxc7 18. Rad1 Bf5 19. fxe4 Bg6 20. Rd7 Ne8 21.
Bxf7 Bxf7 22. Rdxf7+ Kg8 23. Rf8# 1-0

[Event "AUTO-INT-1193"]
[Site "http://www.queenalice.com/game.php?id=535360"]
[Date "2009.2.5"]
[Round "1"]
[White "JUDGE_WELKENHEIMER"]
[Black "nelson_cxc"]
[Result "0-1"]
[WhiteElo "1620"]
[BlackElo "1892"]

1. e4 e6 2. Nf3 c5 3. Bc4 Nc6 4. d4 d5 5. exd5 exd5 6. Bb5 a6 7. Bxc6+ bxc6 8.
O-O Bd6 9. b3 Ne7 10. c4 O-O 11. Nh4 cxd4 12. Qxd4 c5 13. Qd3 d4 14. g3 Bh3 15.
Re1 Qc7 16. Bf4 Bxf4 17. Nd2 Bg5 18. a4 Bxh4 19. gxh4 Bf5 20. Qg3 Qxg3+ 21. Kf1
Bd3+ 22. Re2 Qg4 23. f3 Qxh4 24. Kg2 Bxe2 25. Re1 Qg5+ 0-1

[Event "Challenge"]
[Site "http://www.queenalice.com/game.php?id=558948"]
[Date "2009.3.20"]
[Round "-"]
[White "ORNELAS"]
[Black "JUDGE_WELKENHEIMER"]
[Result "1-0"]
[WhiteElo "1674"]
[BlackElo "1618"]

1. d4 d5 2. e3 Nc6 3. c4 dxc4 4. Bxc4 e6 5. a3 Nf6 6. b4 e5 7. d5 Nb8 8. Bb2 Bd6
9. Nf3 c6 10. dxc6 Nxc6 11. Ng5 Be6 12. Nxe6 fxe6 13. Bxe6 Qe7 14. Bb3 1-0

[Event "AUTO-INT-1305"]
[Site "http://www.queenalice.com/game.php?id=587008"]
[Date "2009.5.12"]
[Round "1"]
[White "mp3"]
[Black "JUDGE_WELKENHEIMER"]
[Result "1-0"]
[WhiteElo "1572"]
[BlackElo "1646"]

1. e4 e5 2. Nf3 Nc6 3. Bc4 Bc5 4. d3 d6 5. c3 Bg4 6. Qb3 Qf6 7. O-O Qg6 8. Qxb7
Rb8 9. Qxc6+ Bd7 10. Qxc7 Rd8 11. b4 Bb6 12. Qb7 Ne7 13. Bg5 O-O 14. Bxe7 Rb8
15. Qxd7 Rfd8 16. Bxd8 Rxd8 17. Qc6 h5 18. a4 Kh7 19. a5 Bxf2+ 20. Rxf2 f5 21.
Qc7 Rf8 22. Qxa7 fxe4 23. dxe4 Qxe4 24. Bf1 Kh6 25. a6 Ra8 26. Qb6 Rf8 27. Qxd6+
Rf6 28. Qe7 h4 29. a7 1-0

[Event "AUTO-INT-1305"]
[Site "http://www.queenalice.com/game.php?id=587009"]
[Date "2009.5.12"]
[Round "1"]
[White "JUDGE_WELKENHEIMER"]
[Black "mp3"]
[Result "0-1"]
[WhiteElo "1627"]
[BlackElo "1556"]

1. e4 e5 2. Nf3 d6 3. Bc4 h6 4. d3 Nf6 5. d4 Nxe4 6. Qd3 Nf6 7. dxe5 Nfd7 8. Qd5
Qe7 9. Ba6 Nxa6 10. O-O c6 11. Qd3 dxe5 12. Nc3 Nac5 13. Qe2 Qd6 14. b4 Ne6 15.
Ba3 b5 16. Rad1 Qe7 17. Ne4 g6 18. c4 Ba6 19. c5 Bg7 20. Bb2 O-O 21. Rd6 Rac8
22. Rfd1 Rcd8 23. Rxc6 Bb7 24. Rcd6 Nf4 25. Qe3 Bxe4 26. Qxe4 Nf6 27. Qc6 Ne8
28. Rxd8 Nc7 29. Rxf8+ Bxf8 0-1

[Event "AUTO-INT-1305"]
[Site "http://www.queenalice.com/game.php?id=587024"]
[Date "2009.5.12"]
[Round "1"]
[White "kamikaze"]
[Black "JUDGE_WELKENHEIMER"]
[Result "0-1"]
[WhiteElo "1758"]
[BlackElo "1604"]

1. d4 d5 2. e3 Nc6 3. c4 e6 4. cxd5 exd5 5. a3 Bd6 6. Nc3 Nf6 7. h3 O-O 8. Nf3
Ne4 9. Nxd5 Bf5 10. Nc3 a6 11. Bd3 Nxc3 12. bxc3 Bxd3 13. Qxd3 Na5 0-1

[Event "AUTO-INT-1305"]
[Site "http://www.queenalice.com/game.php?id=587025"]
[Date "2009.5.12"]
[Round "1"]
[White "JUDGE_WELKENHEIMER"]
[Black "kamikaze"]
[Result "1-0"]
[WhiteElo "1626"]
[BlackElo "1736"]

1. e4 e5 2. Nf3 d6 3. Bc4 h6 4. d3 a5 5. d4 exd4 6. Qxd4 c5 7. Qd5 Qe7 8. O-O
Nf6 9. Qd4 cxd4 10. Nxd4 Qe5 11. Be3 Qxe4 12. Nc3 Qg6 13. Rfe1 1-0

[Event "AUTO-INT-1305"]
[Site "http://www.queenalice.com/game.php?id=587036"]
[Date "2009.5.12"]
[Round "1"]
[White "JUDGE_WELKENHEIMER"]
[Black "iwanikow"]
[Result "0-1"]
[WhiteElo "1608"]
[BlackElo "1532"]

1. e4 e5 2. Nf3 d6 3. Bc4 Be7 4. d3 Nf6 5. Ng5 O-O 6. O-O Nc6 7. Nf3 Nd4 8. c3
Nxf3+ 9. Qxf3 c5 10. b4 b6 11. Bg5 Bg4 12. Qe3 a5 13. b5 Be6 14. Bxf6 Bxf6 15.
f4 exf4 16. Qxf4 a4 17. Nd2 Bxc3 0-1

[Event "AUTO-INT-1305"]
[Site "http://www.queenalice.com/game.php?id=587037"]
[Date "2009.5.12"]
[Round "1"]
[White "iwanikow"]
[Black "JUDGE_WELKENHEIMER"]
[Result "1-0"]
[WhiteElo "1551"]
[BlackElo "1589"]

1. e4 e5 2. d3 Nc6 3. Nf3 Bc5 4. Be2 d6 5. O-O Qf6 6. Nc3 Qg6 7. Nd5 Bb6 8. Be3
Bh3 9. Nh4 Qe6 10. Bxb6 cxb6 11. Nc7+ Kd7 12. Nxe6 Bxe6 13. Bg4 Ke7 14. Bxe6
fxe6 15. Qg4 Nf6 16. Qxg7+ Kd8 17. Qxh8+ Ne8 18. Qxh7 1-0